Logo BPK

Biblioteka

Politechniki Koszalińskiej

The Snows of Kilimanjaro and Other Stories / (Rekord nr 47785)

Szczegóły MARC
000 -ETYKIETA REKORDU
podpole kontrolne o stałej długości 00520nam a2200193 i 4500
001 - NUMER KONTROLNY REKORDU
pole kontrolne bgj
020 ## - MIĘDZYNARODOWY ZNORMALIZOWANY NUMER KSIĄŻKI - ISBN
ISBN 0586044612
040 ## - ŹRÓDŁO KATALOGOWANIA
Instytucja, która utworzyła rekord BPK
041 0# - KOD JĘZYKA
Kod języka tekstu eng
920 ## - Międzynarodowy znormalizowany numer książki – ISBN
ISBN 0-586-04461-2
008 - POLE O STAŁEJ DŁUGOŚCI - DANE KONTROLNE
podpole kontrolne o stałej długości s uk f |000 0 eng
100 1# - NAZWA OSOBOWA
Nazwa osobowa HEMINGWAY, Ernest
Daty związane z nazwą (1899-1961).
245 10 - TYTUŁ/ODPOWIEDZIALNOŚĆ
Tytuł The Snows of Kilimanjaro and Other Stories /
Pozostałe elementy strefy tytułu i oznaczenia odpowiedzialności Ernest Hemingway.
250 ## - STREFA WYDANIA
Oznaczenie wydania [Repr.].
260 ## - STREFA ADRESU WYDAWNICZEGO
Miejsce wydania London :
Nazwa wydawcy/dystrybutora Triad Grafton,
Data publikacji, dystrybucji/powstania dokumentu 1977.
300 ## - STREFA OPISU FIZYCZNEGO
Objętość 143 pp ;
Rozmiary 18 cm.
650 #9 - HASŁO PRZEDMIOTOWE W FORMIE NAZWY OGÓLNEJ LUB JEDNOSTKOWEJ
Nazwa ogólna lub geograficzna American fition
Określnik chronologiczny 20th century
856 ## - LOKALIZACJA I DOSTĘP DO ELEKTRONICZNYCH DOKUMENTÓW ZDALNYCH
Link (URL) http://koha.tu.koszalin.pl/cgi-bin/koha/opac-detail.pl?biblionumber=47785
Tekst linku Katalog online BPK
942 ## - DODATKOWE ELEMENTY (KOHA)
Typ dokumentu Książka
Egzemplarze
Wycofany Status egzemplarza Uszkodzony Dostępność Lokalizacja stała Lokalizacja bieżąca Miejsce przechowywania Sygnatura Kod kreskowy Typ dokumentu
      Dostępny Biblioteka Politechniki Koszalińskiej Biblioteka Politechniki Koszalińskiej Wypożyczalnia Językowa KA 4475 09015739 Książka
© 2023 Biblioteka Politechniki Koszalińskiej :: KOHA